000
00287nam a22001217a 4500
008
160420b xxu||||| |||| 00| 0 eng d
020
_a
9781451193664
020
_a
1451193661
041
_a
eng
080
_a
618.2
245
_a
Fundamentals of Nursing:
_c
Wolters Kluwer;
942
_2
udc
_c
BK
999
_c
1462
_d
1462